000 00512nam a22001577a 4500
005 20251108165031.0
008 250721s1994 xx 000 0 ara d
082 1 4 _a362.11/زيا
100 1 _aزيادات، عادل عواد
245 1 0 _aالخدمات الصحية في المملكة الأردنية الهاشمية 1946- 1987 /
264 1 _aعمان :
_bجامعة اليرموك،
_c1994.
300 _a224ص.
650 1 7 _aالخدمات الإجتماعية
942 _2ddc
_cBK
999 _c20454
_d20454